000 00253nam a2200097Ia 4500
001 683411
005 20250826161437.0
008 250824s9999 xx 000 0 und d
245 0 _aDİLE BENDEN NE DİLERSEN
_cFATMA BURÇAK
260 _bCARPE DİEM YAYINLARI
999 _c683411
_d683411